000 00431nam a2200145 a 4500
005 20140412111409.0
008 070807s19uu xx 00 eng d
050 _aER
_bTa13 1986
245 _aTake it away, Greta! /
_cillustrated by Itchiko Fuyuno.
260 _aTokyo :
_bFroebel- Kan,
_cc1986.
300 _a[unp.] : col. , ill. ; cm.
440 _aShape number books 3 Subtracting.
650 _aSubtraction
999 _c105630
_d105630